Labor cultural de la Diputación Provincial de Valencia /
Descripción Física:
Il·lustracions
Colección:
San Jorge,
; núm. 9 (gener 1953), pàg 40-45
Materias:
Bertrán, Juan Bautista, -- 1911-1985
; Laffón, Rafael, -- 1900-1978
; València (País Valencià : Província). -- Diputació
Idioma:
Español
MARC
| LEADER | 00000naa a2200000 a 4500 | ||
|---|---|---|---|
| 003 | Arxiu | ||
| 005 | 20260324181033.0 | ||
| 008 | 160829s1953 spcaxx s spa c | ||
| 040 | |a agdb | ||
| 100 | 1 | |a Saltor, Octavi, |d 1902-1982 |9 29621 | |
| 245 | 1 | 0 | |a Labor cultural de la Diputación Provincial de Valencia / |c por Octavi Saltor |
| 300 | |b Il·lustracions | ||
| 490 | |a San Jorge, |v núm. 9 (gener 1953), pàg 40-45 | ||
| 600 | 1 | 0 | |a Bertrán, Juan Bautista, |d 1911-1985 |9 54743 |
| 600 | 1 | 0 | |9 54741 |a Laffón, Rafael, |d 1900-1978 |
| 610 | 1 | 0 | |9 54740 |a València (País Valencià : Província). |b Diputació |
| 773 | |g Núm. 9 (gener 1953), pàg 40-45 |t San Jorge. | ||
| 901 | |a Arxiu | ||
| 942 | |n 1 |2 udc |c ART | ||
| 952 | |0 0 |1 0 |4 0 |6 REV508 |7 1 |9 64325 |a Arxiu |b Arxiu |d 2022-11-23 |o Rev-508 |r 2022-11-23 00:00:00 |w 2022-11-23 |y ARXIU |z També disponible a Rev-522 | ||
| 999 | |c 48044 |d 48044 | ||